| 000 | 02004nam a2200361 i 4500 | ||
|---|---|---|---|
| 001 | 000048153 | ||
| 003 | DO-SdBNP | ||
| 005 | 20250919112546.0 | ||
| 007 | ta | ||
| 008 | 181203s2018 dr a 000 0 spa d | ||
| 020 | _a9789945610093 | ||
| 040 |
_aDO-SdBNP _bspa _cBNPHU _erda |
||
| 041 | _aspa | ||
| 082 | 4 |
_a929.6097293 _bG633s 2018 _222 |
|
| 100 | 1 |
_aGómez, Wilson _eautor _4aut. _98532 |
|
| 245 | 1 | 0 |
_aSimbología patriótica de la República Dominicana / _cWilson S. Gómez Ramírez ; prólogo, José Joaquín Pérez Saviñón. |
| 264 |
_aSanto Domingo, República Dominicana : _bTribunal Constitucional, _c2018. |
||
| 300 |
_a218 páginas : _bilustraciones ; _c23 cm. |
||
| 336 |
_atexto _btxt _2rdacontent |
||
| 337 |
_asin mediación _bn _2rdacarrier |
||
| 338 |
_avolumen _bnc _2rdacarrier |
||
| 490 | 0 | _aIUDEX | |
| 504 | _aBibliografía: páginas 215-218 | ||
| 505 | 0 |
_aPrólogo -- _gCapítulo 1 _tSurgimiento de la bandera en el mundo. -- _gCapítulo 1I _tDiseño y confección de la bandera nacional dominicana. -- _gCapítulo III _tOrigen del escudo en el mundo. -- _gCapítulo IV _tDiseño y confección del escudo nacional dominicano. -- _gCapítulo V _tLa bandera presidencial. -- _gCapítulo VI _tLos himnos del mundo. -- _gCapítulo VII _tEl himno nacional dominicano. -- _gCapítulo VIII _tHimnos patrióticos. -- _gAnexos 1 _tEscudos provinciales. -- _gAnexos 11 _tBiografía del maestro José Reyes. -- _gAnexo 111 _tBiografía del maestro Emilio Prud Homme. -- _gAnexo IV _tProyecto de ley sobre símbolos patrios de la Republica dominicana. -- |
|
| 590 | _aInventariado, 2019/LP | ||
| 650 | 4 |
_aEmblemas nacionales _zRepública Dominicana _910404 |
|
| 650 | 4 |
_aBanderas _zRepública Dominicana _955099 |
|
| 650 | 4 |
_aEscudos nacionales _zRepública Dominicana _955100 |
|
| 700 | 1 |
_aPérez Saviñón, José Joaquín _eprologuista _4pr. _955022 |
|
| 710 | 1 |
_aRepública Dominicana. _bCorte de Constitucionalidad _971191 |
|
| 910 | _aLopérez. Validado. Control de calidad MFF | ||
| 942 |
_2ddc _cLBS1 |
||
| 999 |
_c47641 _d47641 |
||